All Billie Eilish Songs over 1 Billion Streams - Statistics

General Stats
  • This quiz has been taken 171 times
    18 since last reset
  • The average score is 13 of 17
Answer Stats
Rank Streams (Billions) Answer % Correct
3 2.84 bad guy
100%
7 1.73 Happier Than Ever
100%
1 3.56 lovely (with Khalid)
100%
5 2.01 ocean eyes
100%
2 3.28 BIRDS OF A FEATHER
92%
15 1.05 CHIHIRO
85%
6 2.01 everything i wanted
85%
8 1.72 WILDFLOWER
85%
14 1.13 bury a friend
77%
16 1.00 you should see me in a crown
69%
11 1.27 i love you
62%
9 1.49 What Was I Made For? [From The Motion Picture "Barbie"]
62%
4 2.37 when the party's over
62%
13 1.18 bellyache
54%
10 1.31 idontwannabeyouanymore
46%
17 1.00 TV
46%
12 1.23 Bored
38%
No matching quizzes found
Score Distribution
Percent of People with Each Score
Percentile by Number Answered
Your Score History
You have not taken this quiz since the last reset